Score 0/14 Timer 01:30
0 Plays Today
% Correct
Cooper
94.7%
Jones
94.7%
Andrews
94.5%
Blossom
94.4%
Lodge
93.9%
Andrews
93.3%
Lodge
93%
% Correct
Cooper
93%
Blossom
92.6%
Cooper
91.3%
Keller
88.6%
McCoy
86.8%
Mantle
80.7%
Mason
67.4%

Today's Daily Dose

Quick Pick
Seven Wonders

Get the Picture
Big 4 'L' All-Stars

Remove Ads.
Support Sporcle.
Get the best of Sporcle when you Go Orange. This ad-free experience offers more features, more stats, and more fun while also helping to support Sporcle. Thank you for becoming a member.

You're not logged in!

Compare scores with friends on all Sporcle quizzes.
OR
Log In

Sporcle TV

Today on Sporcle TV


Watch our educational content, quiz creation guides, and fun videos on Sporcle TV.

Show Comments

Extras

Top Quizzes Today


Score Distribution

Paid Content

Your Account Isn't Verified!

In order to create a playlist on Sporcle, you need to verify the email address you used during registration. Go to your Sporcle Settings to finish the process.

Report this User

Report this user for behavior that violates our Community Guidelines.

Details: